[Event "ENCI Limburg-open C"]
[Site "Maastricht"]
[Date "2010.05.23"]
[Round "5"]
[White "Huebben, Dominik"]
[Black "Allen, Tim"]
[Result "1/2-1/2"]
[WhiteElo "1746"]
[BlackElo "1699"]
[PlyCount "94"]
[EventDate "2010.05.21"]
[EventType "swiss"]
[EventRounds "7"]
[EventCountry "NED"]
[Source "P.Boonen"]
[SourceDate "2010.10.01"]

1. e4 e5 2. Nc3 Nf6 3. Bc4 Nc6 4. d3 Bc5 5. f4 d6 6. Nf3 Qe7 7. f5 h6 8. Na4
Bd7 9. Nxc5 dxc5 10. a3 O-O-O 11. O-O g6 12. fxg6 fxg6 13. h3 g5 14. Nh2 Rhf8
15. Be3 Nd4 16. c3 Ne6 17. b4 b6 18. b5 Kb8 19. a4 Bc8 20. Qb3 Nf4 21. Bxf4
gxf4 22. a5 Rd6 23. axb6 cxb6 24. Nf3 Rd7 25. Qa4 Rc7 26. Ra3 Nh5 27. Qc2 Qg7
28. Rfa1 Re8 29. Qf2 Qg3 30. Qxg3 Nxg3 31. Kf2 Ree7 32. Nd2 Bd7 33. Rb1 Be8 34.
Bd5 Bf7 35. Bxf7 Rxf7 36. Nf3 Rfe7 37. Rd1 c4 38. Nh2 cxd3 39. Rxd3 Nxe4+ 40.
Ke1 Nc5 41. Rd5 e4 42. Ng4 Re6 43. Rd8+ Rc8 44. Rxc8+ Kxc8 45. Rxa7 e3 46. Rh7
e2 47. Nf2 Kb8 1/2-1/2

[Event "ENCI Limburg-open C"]
[Site "Maastricht"]
[Date "2010.05.23"]
[Round "5"]
[White "Katoen, Tom"]
[Black "Van Ginneken, Maikel"]
[Result "1-0"]
[WhiteElo "1235"]
[BlackElo "1331"]
[PlyCount "79"]
[EventDate "2010.05.21"]
[EventType "swiss"]
[EventRounds "7"]
[EventCountry "NED"]
[Source "P.Boonen"]
[SourceDate "2010.10.01"]

1. c4 f5 2. Nc3 e6 3. Nf3 Nf6 4. g3 Be7 5. Bg2 d6 6. O-O O-O 7. d3 Nc6 8. Bd2
Bd7 9. Rb1 Qe8 10. a3 Rb8 11. b4 a6 12. a4 Nd8 13. b5 axb5 14. axb5 b6 15. Nd4
Qg6 16. Qa4 e5 17. Nc6 Nxc6 18. bxc6 Ra8 19. Qb3 Be6 20. Nb5 Rfc8 21. Rfe1 f4
22. Rf1 Nh5 23. Nc3 Bh4 24. Nd5 Kf8 25. Be1 Bxd5 26. Bxd5 Bf6 27. Be6 Rd8 28.
Rb2 e4 29. Ra2 Rxa2 30. Qxa2 exd3 31. exd3 Qxd3 32. Qa7 fxg3 33. hxg3 Nxg3 34.
fxg3 Qe3+ 35. Bf2 Qxe6 36. Qxc7 Qxc4 37. Bxb6 Ke8 38. Rxf6 Qc1+ 39. Kg2 Qb2+
40. Rf2 1-0

[Event "ENCI Limburg-open C"]
[Site "Maastricht"]
[Date "2010.05.23"]
[Round "5"]
[White "Keetman, Sandra"]
[Black "Demarre, Mathias"]
[Result "1-0"]
[WhiteElo "1295"]
[BlackElo "1119"]
[PlyCount "117"]
[EventDate "2010.05.21"]
[EventType "swiss"]
[EventRounds "7"]
[EventCountry "NED"]
[Source "P.Boonen"]
[SourceDate "2010.10.01"]

1. e4 e5 2. Nf3 Nc6 3. Bc4 Nf6 4. Nc3 Nxe4 5. Nxe4 d5 6. Bd3 dxe4 7. Bxe4 Bc5
8. O-O O-O 9. Re1 Qf6 10. c3 Bg4 11. Qc2 g6 12. h3 Bxf3 13. Bxf3 Qh4 14. d3
Rfe8 15. Be3 Bxe3 16. Rxe3 f5 17. Bxc6 bxc6 18. Rae1 Qf6 19. d4 e4 20. f3 Re6
21. fxe4 Rae8 22. e5 Qe7 23. Rg3 Kh8 24. Qd2 Rd8 25. Qg5 Qxg5 26. Rxg5 h6 27.
Rg3 Rd5 28. b4 a5 29. a3 a4 30. Kh2 Kg7 31. Rf1 Kf7 32. Rg4 Ke7 33. Rgf4 h5 34.
Kg3 Kf7 35. Kh4 Rd8 36. g4 hxg4 37. hxg4 Rh8+ 38. Kg3 Rg8 39. Kf3 Rh8 40. gxf5
gxf5 41. Rxf5+ Ke7 42. Ke4 Rh4+ 43. R1f4 Rh3 44. Rf7+ Kd8 45. Rf8+ Re8 46.
Rxe8+ Kxe8 47. Rf3 Rh4+ 48. Kf5 Ke7 49. Kg5 Re4 50. Rf6 Re3 51. Rxc6 Kd7 52.
Rc5 Ke6 53. Rxc7 Rg3+ 54. Kf4 Rg2 55. b5 Ra2 56. Ke4 Re2+ 57. Kd3 Ra2 58. b6
Rxa3 59. Ke4 1-0

[Event "ENCI Limburg-open C"]
[Site "Maastricht"]
[Date "2010.05.23"]
[Round "5"]
[White "Kunowski, Marco"]
[Black "De Lange, Marieke"]
[Result "1-0"]
[WhiteElo "1290"]
[BlackElo "1253"]
[PlyCount "67"]
[EventDate "2010.05.21"]
[EventType "swiss"]
[EventRounds "7"]
[EventCountry "NED"]
[Source "P.Boonen"]
[SourceDate "2010.10.01"]

1. d4 Nf6 2. e3 d5 3. Nf3 Nc6 4. a3 Bf5 5. Nc3 e6 6. Be2 Be7 7. Nh4 Bg6 8. Nxg6
hxg6 9. h3 Qd7 10. Bd2 O-O-O 11. Bf3 e5 12. g4 exd4 13. exd4 Qe6+ 14. Kf1 Nxd4
15. Kg2 Nc6 16. g5 Nd7 17. Bf4 Nb6 18. Bg4 Qxg4+ 19. Qxg4+ Kb8 20. Rhe1 Bc5 21.
Qg3 Rd7 22. Rad1 Rhd8 23. Nb5 Bd6 24. Bxd6 cxd6 25. b3 a6 26. Nd4 Ne7 27. Re2
f6 28. Ne6 Rg8 29. Nd4 Nf5 30. Nxf5 gxf5 31. gxf6 g6 32. Re7 Kc7 33. Rxd7+ Kxd7
34. Re1 1-0

[Event "ENCI Limburg-open C"]
[Site "Maastricht"]
[Date "2010.05.23"]
[Round "5"]
[White "Laarhoven, Marcel"]
[Black "Strolenberg, Lars"]
[Result "1-0"]
[WhiteElo "1716"]
[BlackElo "1659"]
[PlyCount "69"]
[EventDate "2010.05.21"]
[EventType "swiss"]
[EventRounds "7"]
[EventCountry "NED"]
[Source "P.Boonen"]
[SourceDate "2010.10.01"]

1. e4 c5 2. Nf3 d6 3. d4 cxd4 4. Nxd4 Nf6 5. Nc3 g6 6. g3 Bg7 7. Bg2 O-O 8. h3
Bd7 9. Be3 Nc6 10. Nf3 Rc8 11. Qd2 b6 12. Bh6 Nb4 13. Rc1 a5 14. Bxg7 Kxg7 15.
a3 Na6 16. O-O Kg8 17. Qh6 Rc5 18. e5 dxe5 19. Ng5 Rxc3 20. bxc3 Nc5 21. Bd5
Be6 22. Bxe6 Nxe6 23. Nxe6 fxe6 24. Qe3 Qd6 25. c4 Qd4 26. Rce1 Qxc4 27. Qxe5
Qxc2 28. Qxe6+ Rf7 29. Qxb6 Qf5 30. Qe6 Qc5 31. Qb3 Nh5 32. Re3 Qa7 33. Rf3 Nf6
34. g4 g5 35. Qe3 1-0

[Event "ENCI Limburg-open C"]
[Site "Maastricht"]
[Date "2010.05.23"]
[Round "5"]
[White "Lennartz, Ludwig"]
[Black "De Bruin, Joost"]
[Result "1-0"]
[WhiteElo "1614"]
[BlackElo "1314"]
[PlyCount "73"]
[EventDate "2010.05.21"]
[EventType "swiss"]
[EventRounds "7"]
[EventCountry "NED"]
[Source "P.Boonen"]
[SourceDate "2010.10.01"]

1. d4 Nf6 2. c4 e5 3. dxe5 Ng4 4. Bf4 g5 5. Bg3 Bg7 6. Nf3 Nc6 7. Nc3 Ngxe5 8.
Nxe5 Nxe5 9. e4 d6 10. Be2 Be6 11. O-O Nxc4 12. Bxc4 Bxc4 13. Qa4+ b5 14. Nxb5
Bxb5 15. Qxb5+ Kf8 16. f4 Rb8 17. Qf5 Bxb2 18. fxg5 Qe7 19. Rad1 Re8 20. e5 Qe6
21. exd6 Qxf5 22. Rxf5 cxd6 23. Bxd6+ Kg7 24. Rdf1 Bd4+ 25. Kh1 Kg6 26. h4 Re2
27. g4 h5 28. gxh6 Rxh6 29. h5+ Kg7 30. Rxf7+ Kg8 31. Rf8+ Kh7 32. R1f7+ Bg7
33. Rd8 Rf6 34. Rxf6 Bxf6 35. Rd7+ Kh6 36. Bf4+ Bg5 37. Rd6+ 1-0

[Event "ENCI Limburg-open C"]
[Site "Maastricht"]
[Date "2010.05.23"]
[Round "5"]
[White "Maessen, Roy"]
[Black "Henrotte, Nils"]
[Result "1/2-1/2"]
[WhiteElo "1703"]
[BlackElo "1655"]
[PlyCount "91"]
[EventDate "2010.05.21"]
[EventType "swiss"]
[EventRounds "7"]
[EventCountry "NED"]
[Source "P.Boonen"]
[SourceDate "2010.10.01"]

1. d4 d5 2. Nf3 Nf6 3. e3 Bf5 4. Be2 e6 5. b3 Nbd7 6. Bb2 Bd6 7. Nbd2 Rc8 8. c4
c6 9. O-O h5 10. cxd5 cxd5 11. Ne5 Ng4 12. e4 Bxe4 13. Nxe4 dxe4 14. Bxg4 hxg4
15. Qxg4 Qh4 16. Qxh4 Rxh4 17. g3 Rh8 18. Rfe1 f5 19. Nc4 Be7 20. Rac1 Kf7 21.
Re2 b5 22. Ne3 Rxc1+ 23. Bxc1 Rc8 24. Bb2 Nb6 25. Kg2 Bf6 26. f3 exf3+ 27. Kxf3
Rd8 28. Rc2 Rc8 29. Rxc8 Nxc8 30. g4 g6 31. h3 Ne7 32. gxf5 Nxf5 33. Ke4 Nxe3
34. Kxe3 Ke7 35. Ba3+ Kd7 36. Bc5 a6 37. Ke4 Kc6 38. b4 Bg7 39. Be7 Kd7 40. Bg5
Kc6 41. Be7 Kd7 42. Bc5 Kc6 43. Be7 Kd7 44. Bg5 Kc6 45. Bf4 Bf6 46. Be5 1/2-1/2

[Event "ENCI Limburg-open C"]
[Site "Maastricht"]
[Date "2010.05.23"]
[Round "5"]
[White "Majhi, Ankit"]
[Black "Yue, Tim"]
[Result "0-1"]
[WhiteElo "1657"]
[BlackElo "1733"]
[PlyCount "52"]
[EventDate "2010.05.21"]
[EventType "swiss"]
[EventRounds "7"]
[EventCountry "NED"]
[Source "P.Boonen"]
[SourceDate "2010.10.01"]

1. e4 c5 2. Nf3 d6 3. d4 cxd4 4. Nxd4 Nf6 5. Nc3 Nc6 6. f3 g6 7. Be3 Bg7 8. Bc4
O-O 9. Qd2 Bd7 10. O-O-O a6 11. h4 h5 12. Bh6 b5 13. Bb3 Nxd4 14. Bxf7+ Rxf7
15. Bxg7 Nb3+ 16. cxb3 Kxg7 17. Qg5 Rc8 18. Kb1 Rc5 19. Qe3 b4 20. Ne2 Qa5 21.
Nd4 e5 22. Ne2 d5 23. Ng3 d4 24. Qg5 Kh7 25. Ne2 Bc6 26. g4 Nxe4 0-1

[Event "ENCI Limburg-open C"]
[Site "Maastricht"]
[Date "2010.05.23"]
[Round "5"]
[White "Ramaekers, Philippe"]
[Black "Veelenturf, Wim"]
[Result "1/2-1/2"]
[WhiteElo "1601"]
[BlackElo "1719"]
[PlyCount "88"]
[EventDate "2010.05.21"]
[EventType "swiss"]
[EventRounds "7"]
[EventCountry "NED"]
[Source "P.Boonen"]
[SourceDate "2010.10.01"]

1. e4 c6 2. c4 g6 3. d4 Bg7 4. Nc3 d6 5. f4 e6 6. Nf3 Nd7 7. Bd3 Ne7 8. e5 d5
9. cxd5 Nxd5 10. Nxd5 cxd5 11. h4 h5 12. Qc2 Nf8 13. Bd2 Bd7 14. Bb4 Rc8 15.
Qe2 Nh7 16. Bd6 Bf8 17. Ng5 Qb6 18. Bxf8 Nxf8 19. Rd1 Qxd4 20. Qd2 Qb6 21. Rf1
Bb5 22. Rf3 Bxd3 23. Qxd3 Qxb2 24. Rf2 Qc3+ 25. Qd2 Nd7 26. Kf1 Qxd2 27. Rfxd2
Rc4 28. g3 O-O 29. Nf3 Nc5 30. Rb2 a6 31. Rb6 Rc8 32. Nd4 Rc7 33. Kg2 Nd7 34.
Rd6 Nf8 35. Kf3 Rc3+ 36. Kf2 Ra3 37. Rd2 Rac3 38. Kg2 R3c4 39. Kf3 Rc3+ 40. Kf2
Kg7 41. Kg2 R7c4 42. Rb6 Rc7 43. Rdb2 R3c4 44. Rd2 Rc3 1/2-1/2

[Event "ENCI Limburg-open C"]
[Site "Maastricht"]
[Date "2010.05.23"]
[Round "5"]
[White "Roemhild, Wolfgang"]
[Black "Braam, Marco"]
[Result "1-0"]
[WhiteElo "1675"]
[BlackElo "1675"]
[PlyCount "107"]
[EventDate "2010.05.21"]
[EventType "swiss"]
[EventRounds "7"]
[EventCountry "NED"]
[Source "P.Boonen"]
[SourceDate "2010.10.01"]

1. e4 d5 2. Nc3 d4 3. Nce2 c5 4. Ng3 e5 5. Nf3 Bg4 6. Bc4 Bxf3 7. Qxf3 Nf6 8.
c3 Nc6 9. O-O a6 10. a4 Na5 11. Bd5 Nc6 12. c4 Nxd5 13. exd5 Ne7 14. d3 Ng6 15.
Ne4 Be7 16. Bd2 O-O 17. Rab1 a5 18. Qf5 Nh4 19. Qxe5 Re8 20. Qh5 g6 21. Qh6 Bf8
22. Qg5 Be7 23. Qh6 Bf8 24. Qf4 f5 25. Ng5 h6 26. Ne6 Qf6 27. Nxf8 Rxf8 28.
Qxh6 f4 29. Rbe1 g5 30. Qxf6 Rxf6 31. Re7 Rb6 32. Re5 Rg6 33. Rfe1 Rf8 34. Re7
g4 35. Bxa5 g3 36. hxg3 fxg3 37. f4 Rxf4 38. Bc7 Rf2 39. R1e2 Nf5 40. R7e4 Ne3
41. Rxf2 gxf2+ 42. Kxf2 Rxg2+ 43. Kf3 Rg1 44. Bg3 Nf5 45. Rg4+ Kf7 46. Kf4 Ne3
47. Rg5 Rf1+ 48. Ke5 Ke7 49. Rg7+ Ke8 50. Bh4 Nf5 51. Rg4 Nh6 52. Rg6 Rf5+ 53.
Ke6 Rh5 54. Bg5 1-0

[Event "ENCI Limburg-open C"]
[Site "Maastricht"]
[Date "2010.05.23"]
[Round "5"]
[White "Senders, Justin"]
[Black "Rahangmetan, Derek Jan"]
[Result "1-0"]
[WhiteElo "1630"]
[BlackElo "1561"]
[PlyCount "85"]
[EventDate "2010.05.21"]
[EventType "swiss"]
[EventRounds "7"]
[EventCountry "NED"]
[Source "P.Boonen"]
[SourceDate "2010.10.01"]

1. e4 e5 2. Nf3 Nc6 3. Bc4 Nf6 4. d4 exd4 5. O-O d5 6. exd5 Nxd5 7. Nxd4 Qf6 8.
Nxc6 bxc6 9. Bxd5 cxd5 10. Qxd5 Rb8 11. Bg5 Qd6 12. Qe4+ Be6 13. Nc3 g6 14. Bf6
Rg8 15. Rad1 Qc5 16. Rfe1 Bg7 17. Qb7 Qb6 18. Qxb6 axb6 19. Bxg7 Rxg7 20. Rd2
g5 21. Nb5 Rc8 22. Red1 h6 23. Na7 Ra8 24. Nc6 f5 25. a3 Bd7 26. Nb4 Rc8 27.
Nd5 Rf7 28. Nf6+ Rxf6 29. Rxd7 Rd6 30. R7xd6 cxd6 31. c3 Kd7 32. Kf1 Re8 33.
Re1 Rxe1+ 34. Kxe1 Kc6 35. Kd2 Kc5 36. Kd3 h5 37. a4 h4 38. b4+ Kc6 39. Kd4 g4
40. g3 h3 41. c4 Kc7 42. Kd5 Kd7 43. a5 1-0

[Event "ENCI Limburg-open C"]
[Site "Maastricht"]
[Date "2010.05.23"]
[Round "5"]
[White "Senders, Mischa"]
[Black "Senden, Sjef"]
[Result "1-0"]
[WhiteElo "1613"]
[BlackElo "1710"]
[PlyCount "67"]
[EventDate "2010.05.21"]
[EventType "swiss"]
[EventRounds "7"]
[EventCountry "NED"]
[Source "P.Boonen"]
[SourceDate "2010.10.01"]

1. e4 c5 2. Nf3 Nc6 3. c3 e5 4. Bc4 h6 5. d4 cxd4 6. cxd4 exd4 7. Nxd4 Bb4+ 8.
Bd2 Qe7 9. Nb5 Qxe4+ 10. Qe2 Qxe2+ 11. Kxe2 Kd8 12. Bxb4 Nxb4 13. Nd6 Nc2 14.
Nxf7+ Ke7 15. Nxh8 Nxa1 16. Bxg8 Nc2 17. Bh7 Nb4 18. Nc3 d5 19. a3 d4 20. Ng6+
Kf7 21. axb4 dxc3 22. bxc3 Be6 23. Nh4 Bc4+ 24. Kd2 g5 25. Nf3 Rd8+ 26. Kc2 Kg7
27. Be4 b6 28. Nd4 h5 29. Rd1 Rf8 30. f3 g4 31. Ra1 a6 32. Bd3 Bxd3+ 33. Kxd3
gxf3 34. Ne6+ 1-0

[Event "ENCI Limburg-open C"]
[Site "Maastricht"]
[Date "2010.05.23"]
[Round "5"]
[White "Slangen Knuit, Dien"]
[Black "Hinzen, Jack"]
[Result "0-1"]
[WhiteElo "1121"]
[BlackElo "1489"]
[PlyCount "88"]
[EventDate "2010.05.21"]
[EventType "swiss"]
[EventRounds "7"]
[EventCountry "NED"]
[Source "P.Boonen"]
[SourceDate "2010.10.01"]

1. d4 e6 2. Nf3 Nf6 3. c4 Bb4+ 4. Nc3 Bxc3+ 5. bxc3 O-O 6. e3 d6 7. Bb2 Nbd7 8.
Be2 c6 9. O-O b6 10. Ba3 c5 11. Rc1 Bb7 12. Re1 Rc8 13. Bb2 h6 14. a3 Nh7 15.
d5 e5 16. e4 Ndf6 17. Bd3 Ra8 18. Nd2 Bc8 19. h3 Ne8 20. Qf3 Ng5 21. Qg3 f5 22.
exf5 Bxf5 23. Bxf5 Rxf5 24. h4 Nh7 25. Ne4 Nhf6 26. Nxf6+ Nxf6 27. Rcd1 Rf4 28.
f3 Nh5 29. Qh3 Rxh4 30. Qe6+ Kh8 31. Re4 Nf4 32. Bc1 Nxe6 33. dxe6 Rxe4 34.
fxe4 Qe7 35. Rf1 Qxe6 36. Be3 Qxc4 37. Rf5 Qxe4 38. Rf3 Re8 39. Bf2 Re6 40. Re3
Qb1+ 41. Re1 Qb3 42. Re3 Qxa3 43. c4 Qa1+ 44. Re1 Qa2 0-1

[Event "ENCI Limburg-open C"]
[Site "Maastricht"]
[Date "2010.05.23"]
[Round "5"]
[White "Snoeks, Pieter Jan"]
[Black "Visse, Bernard"]
[Result "1-0"]
[WhiteElo "1388"]
[BlackElo "1641"]
[PlyCount "55"]
[EventDate "2010.05.21"]
[EventType "swiss"]
[EventRounds "7"]
[EventCountry "NED"]
[Source "P.Boonen"]
[SourceDate "2010.10.01"]

1. d4 f5 2. c4 Nf6 3. Nc3 g6 4. Nf3 Bg7 5. Bg5 d6 6. g3 Nbd7 7. Bg2 O-O 8. O-O
h6 9. Bd2 c6 10. Nh4 Qe8 11. Qc1 Kh7 12. e4 fxe4 13. Nxe4 d5 14. Nxf6+ Nxf6 15.
Re1 Ng4 16. cxd5 Nxf2 17. Qc2 Bxd4 18. Be3 Bxe3 19. Rxe3 cxd5 20. Nxg6 Bf5 21.
Nxf8+ Qxf8 22. Qxf2 e6 23. Rf1 Qd6 24. Rf3 Rg8 25. Rxf5 exf5 26. Qxf5+ Rg6 27.
Qxd5 Qxd5 28. Bxd5 1-0

[Event "ENCI Limburg-open C"]
[Site "Maastricht"]
[Date "2010.05.23"]
[Round "5"]
[White "Thirion, Jean Francois"]
[Black "Dekens, Joop"]
[Result "1/2-1/2"]
[WhiteElo "1660"]
[BlackElo "1601"]
[PlyCount "35"]
[EventDate "2010.05.21"]
[EventType "swiss"]
[EventRounds "7"]
[EventCountry "NED"]
[Source "P.Boonen"]
[SourceDate "2010.10.01"]

1. c4 Nf6 2. Nc3 g6 3. g3 c6 4. Bg2 d5 5. cxd5 cxd5 6. d4 Nc6 7. Nf3 Bg4 8. e3
Bg7 9. Qb3 Rb8 10. O-O Bxf3 11. Bxf3 e6 12. Bd2 O-O 13. Rac1 a6 14. Na4 Nd7 15.
Rc2 Qf6 16. Bg2 Rfc8 17. Rfc1 Qd8 18. Be1 1/2-1/2

[Event "ENCI Limburg-open C"]
[Site "Maastricht"]
[Date "2010.05.23"]
[Round "5"]
[White "Tuerlinckx, Ben"]
[Black "Heinemans, Nol"]
[Result "0-1"]
[WhiteElo "1692"]
[BlackElo "1680"]
[PlyCount "60"]
[EventDate "2010.05.21"]
[EventType "swiss"]
[EventRounds "7"]
[EventCountry "NED"]
[Source "P.Boonen"]
[SourceDate "2010.10.01"]

1. e4 d6 2. d4 c6 3. Nc3 g6 4. f4 Bg7 5. Nf3 Bg4 6. Be2 Bxf3 7. Bxf3 Qb6 8. e5
dxe5 9. fxe5 e6 10. Ne4 Ne7 11. Nd6+ Kf8 12. Bg5 Nf5 13. Nxf5 exf5 14. Qd2 a5
15. O-O-O Nd7 16. Rhe1 h6 17. Bh4 a4 18. e6 fxe6 19. Rxe6 g5 20. Bxg5 hxg5 21.
Qxg5 Kg8 22. Re7 Rh7 23. Rxd7 a3 24. b3 Qb4 25. Rd8+ Rxd8 26. Qxd8+ Bf8 27. Rd3
Qe1+ 28. Bd1 Rxh2 29. Qg5+ Kh8 30. Rg3 Bh6 0-1

[Event "ENCI Limburg-open C"]
[Site "Maastricht"]
[Date "2010.05.23"]
[Round "5"]
[White "Ucaroglu, Melih Furkan"]
[Black "Vincent, Gwijde"]
[Result "1/2-1/2"]
[WhiteElo "1414"]
[BlackElo "1701"]
[PlyCount "123"]
[EventDate "2010.05.21"]
[EventType "swiss"]
[EventRounds "7"]
[EventCountry "NED"]
[Source "P.Boonen"]
[SourceDate "2010.10.01"]

1. b3 e5 2. Bb2 Nc6 3. e3 d5 4. Bb5 Nge7 5. Bxe5 a6 6. Bxc6+ Nxc6 7. Bb2 Bf5 8.
d3 Bb4+ 9. Nd2 d4 10. Ngf3 Bg4 11. a3 Bc3 12. Bxc3 dxc3 13. Ne4 O-O 14. O-O Ne5
15. h3 Nxf3+ 16. gxf3 Bxh3 17. Re1 f5 18. Ng3 h5 19. Nxh5 f4 20. exf4 Rxf4 21.
Re4 Rxe4 22. dxe4 Qg5+ 23. Ng3 Rd8 24. Qe2 b5 25. Qe1 Rd2 26. e5 Qf4 27. Qe4
Qxe4 28. Nxe4 Rxc2 29. b4 Bf5 30. Kf1 Bxe4 31. fxe4 Kf7 32. Rd1 Ke7 33. Rd5 Ra2
34. Rc5 c2 35. Kg2 Ke6 36. Kg3 Rxa3+ 37. Kf4 Ra2 38. f3 Rb2 39. Rxc7 Rxb4 40.
Rxc2 Rc4 41. Rd2 Rc6 42. Rg2 Kf7 43. Rd2 Ke7 44. Rg2 g6 45. Rh2 b4 46. Rh7+ Ke6
47. Rb7 a5 48. Rb5 Ra6 49. Ke3 Ra8 50. f4 Ra6 51. Kd4 Ra8 52. Rb6+ Kf7 53. e6+
Ke7 54. Ke5 a4 55. Rb7+ Ke8 56. Rxb4 a3 57. Rb1 a2 58. Ra1 Ke7 59. f5 Ra5+ 60.
Kf4 gxf5 61. exf5 Kf6 62. Ke4 1/2-1/2

[Event "ENCI Limburg-open C"]
[Site "Maastricht"]
[Date "2010.05.23"]
[Round "5"]
[White "Uiterwijk, Jos"]
[Black "Van der Wouw, Paul"]
[Result "0-1"]
[WhiteElo "1702"]
[BlackElo "1606"]
[PlyCount "90"]
[EventDate "2010.05.21"]
[EventType "swiss"]
[EventRounds "7"]
[EventCountry "NED"]
[Source "P.Boonen"]
[SourceDate "2010.10.01"]

1. e4 Nf6 2. e5 Nd5 3. d4 d6 4. Nf3 dxe5 5. dxe5 Bg4 6. Be2 Nc6 7. h3 Bh5 8. g4
Bg6 9. c3 e6 10. Bb5 h6 11. Nd4 Nde7 12. Qa4 Qd7 13. Nd2 Rd8 14. N2b3 a6 15.
Bxc6 Nxc6 16. Be3 Nxe5 17. Qxd7+ Nxd7 18. O-O-O Bd6 19. Rhe1 O-O 20. f4 e5 21.
fxe5 Nxe5 22. Kd2 Nc4+ 23. Ke2 Nxb2 24. Ra1 Nc4 25. Bf2 Rfe8+ 26. Kf1 Rxe1+ 27.
Rxe1 Kf8 28. Ra1 Re8 29. a4 Be5 30. Nc5 Nd2+ 31. Kg1 Bxd4 32. cxd4 Be4 33. Kh2
Bc6 34. Rd1 Ne4 35. Nxe4 Rxe4 36. d5 Bxa4 37. Rd2 Bb5 38. Kg1 Re2 39. Rd4 Ke7
40. Bg3 Rc2 41. Re4+ Kd7 42. Be5 f6 43. Bg3 Rd2 44. d6 cxd6 45. Be1 Re2 0-1

[Event "ENCI Limburg-open C"]
[Site "Maastricht"]
[Date "2010.05.23"]
[Round "5"]
[White "Van Broekhoven, Stefan"]
[Black "De Ridder, Gertie"]
[Result "1-0"]
[WhiteElo "1309"]
[BlackElo "1248"]
[PlyCount "39"]
[EventDate "2010.05.21"]
[EventType "swiss"]
[EventRounds "7"]
[EventCountry "NED"]
[Source "P.Boonen"]
[SourceDate "2010.10.01"]

1. e4 e5 2. Nf3 Nc6 3. Bc4 Nf6 4. d3 d5 5. exd5 Na5 6. Nxe5 Qe7 7. O-O Qxe5 8.
Re1 Qe7 9. Rxe7+ Bxe7 10. Qe1 h6 11. Qxa5 b6 12. Qe1 Bd7 13. Ba6 b5 14. Bf4
Nxd5 15. Bb7 Rb8 16. Bxd5 O-O 17. Qxe7 Rbe8 18. Qb4 c6 19. Be4 a6 20. Bd6 1-0

[Event "ENCI Limburg-open C"]
[Site "Maastricht"]
[Date "2010.05.23"]
[Round "5"]
[White "Van Meegen, Judith"]
[Black "Heuts, Guido"]
[Result "1-0"]
[WhiteElo "1254"]
[BlackElo "1450"]
[PlyCount "105"]
[EventDate "2010.05.21"]
[EventType "swiss"]
[EventRounds "7"]
[EventCountry "NED"]
[Source "P.Boonen"]
[SourceDate "2010.10.01"]

1. e4 c6 2. d4 d5 3. e5 Bf5 4. Nc3 e6 5. Bd3 Ne7 6. Bg5 Bxd3 7. Qxd3 Qc7 8. f4
Nd7 9. Nge2 h6 10. Bh4 Nf5 11. Bf2 c5 12. Qb5 a6 13. Qa4 b5 14. Nxb5 Qb7 15.
Nd6+ Nxd6 16. exd6 Bxd6 17. dxc5 Bxc5 18. Bxc5 Qb5 19. Qxb5 axb5 20. Bd4 O-O
21. O-O Nb8 22. Nc3 Nc6 23. Bc5 Rfb8 24. f5 b4 25. Ne2 e5 26. f6 g6 27. Rf3 Rb5
28. Bd6 Rd8 29. Be7 Nxe7 30. fxe7 Re8 31. Re3 Rxe7 32. Nd4 Rc5 33. Re2 f5 34.
Nf3 e4 35. a3 bxa3 36. Rxa3 Kf7 37. Nd4 Rc4 38. c3 f4 39. Kf2 g5 40. g3 f3 41.
Re1 Kf6 42. Rb3 g4 43. Rb5 Rd7 44. Rb6+ Kg5 45. Rh1 Re7 46. Ke3 Rc5 47. h4+
gxh3 48. Rxh3 Rh7 49. Ne6+ Kg4 50. Nf4 d4+ 51. cxd4 Rc2 52. Rg6+ Kf5 53. Rh5#
1-0

[Event "ENCI Limburg-open C"]
[Site "Maastricht"]
[Date "2010.05.23"]
[Round "5"]
[White "Van Steenwinckel, Hugo"]
[Black "De Lange, Gerard"]
[Result "1-0"]
[WhiteElo "1645"]
[BlackElo "1599"]
[PlyCount "101"]
[EventDate "2010.05.21"]
[EventType "swiss"]
[EventRounds "7"]
[EventCountry "NED"]
[Source "P.Boonen"]
[SourceDate "2010.10.01"]

1. e4 e5 2. Nf3 Nc6 3. d4 exd4 4. Nxd4 Bc5 5. Be3 Nxd4 6. Bxd4 Bxd4 7. Qxd4 Qf6
8. e5 Qc6 9. Nc3 f6 10. O-O-O Ne7 11. Bb5 Qe6 12. exf6 Nc6 13. Bxc6 Qxc6 14.
fxg7 Qh6+ 15. Kb1 Rg8 16. Qe4+ Kd8 17. Rhe1 Qxg7 18. Rd3 c6 19. Rg3 Qf7 20.
Rxg8+ Qxg8 21. Qe7+ Kc7 22. Ne4 b6 23. Qd6+ Kb7 24. Nf6 Qxg2 25. b3 Qxf2 26.
Re7 Qg1+ 27. Kb2 Qg6 28. Qe5 Ka6 29. a4 d5 30. Ne8 b5 31. Nc7+ Ka5 32. Nxa8
bxa4 33. Qc7+ Kb5 34. bxa4+ Kc4 35. Qe5 d4 36. Qe2+ Kb4 37. Rxa7 Bf5 38. Qd2+
Kc4 39. Nb6+ Kc5 40. Qa5+ Kd6 41. Qb4+ c5 42. Nc4+ Kd5 43. Qb3 Ke4 44. Qb7+ Kf4
45. Qc7+ Kg5 46. Qg3+ Kh5 47. Qxg6+ Bxg6 48. Rc7 d3 49. cxd3 Bxd3 50. Kc3 Bf1
51. Rxh7+ 1-0

[Event "ENCI Limburg-open C"]
[Site "Maastricht"]
[Date "2010.05.23"]
[Round "5"]
[White "Van der Heijden, Arnold"]
[Black "Boer, Jan"]
[Result "1-0"]
[WhiteElo "1618"]
[BlackElo "1689"]
[PlyCount "51"]
[EventDate "2010.05.21"]
[EventType "swiss"]
[EventRounds "7"]
[EventCountry "NED"]
[Source "P.Boonen"]
[SourceDate "2010.10.01"]

1. e4 c5 2. Nf3 Nc6 3. d4 cxd4 4. Nxd4 Nf6 5. Nc3 e6 6. Be3 Bb4 7. f3 Qa5 8.
Qd3 Ne5 9. Qd2 d5 10. Bb5+ Bd7 11. Bxd7+ Nexd7 12. Nb3 Qc7 13. exd5 Nxd5 14.
O-O-O Bxc3 15. bxc3 Nxc3 16. Qd6 Qc8 17. Bg5 Nf6 18. Rd3 Ncd5 19. Rhd1 h6 20.
Bh4 g5 21. Bg3 Qd7 22. Nc5 Qxd6 23. Bxd6 O-O-O 24. Be5 b6 25. Nb3 Kb7 26. Bxf6
1-0

[Event "ENCI Limburg-open C"]
[Site "Maastricht"]
[Date "2010.05.23"]
[Round "5"]
[White "Vincent, Ayla"]
[Black "De Coninck, Erik"]
[Result "1-0"]
[WhiteElo "1096"]
[BlackElo "1149"]
[PlyCount "45"]
[EventDate "2010.05.21"]
[EventType "swiss"]
[EventRounds "7"]
[EventCountry "NED"]
[Source "P.Boonen"]
[SourceDate "2010.10.01"]

1. e4 e5 2. Nf3 Nf6 3. Bc4 Nxe4 4. Qe2 d5 5. Bb3 Nc6 6. d3 Nf6 7. Nxe5 Nxe5 8.
Qxe5+ Be7 9. O-O O-O 10. Bg5 Bd7 11. Nc3 c6 12. Rfe1 Re8 13. Qf4 Rc8 14. Re5
Qc7 15. Rae1 Bd6 16. Rxe8+ Rxe8 17. Rxe8+ Nxe8 18. Qh4 h6 19. Be3 b6 20. a3 g5
21. Qxh6 f6 22. Nxd5 cxd5 23. Bxd5+ 1-0

[Event "ENCI Limburg-open C"]
[Site "Maastricht"]
[Date "2010.05.23"]
[Round "5"]
[White "Weerts, Rene"]
[Black "Mathee, Jochen"]
[Result "0-1"]
[WhiteElo "1672"]
[BlackElo "1611"]
[PlyCount "54"]
[EventDate "2010.05.21"]
[EventType "swiss"]
[EventRounds "7"]
[EventCountry "NED"]
[Source "P.Boonen"]
[SourceDate "2010.10.01"]

1. d4 f5 2. Nf3 Nf6 3. Bg5 g6 4. h4 Bg7 5. Nbd2 b6 6. c3 Bb7 7. e3 d6 8. Be2
Nbd7 9. Nf1 e6 10. Ng3 h5 11. Qb3 Qe7 12. Bxf6 Bxf6 13. Ng5 d5 14. f4 O-O-O 15.
Qa4 Kb8 16. Bb5 e5 17. O-O Bxg5 18. fxg5 Qd6 19. dxe5 Nxe5 20. Rad1 Qc5 21. Rd4
Ng4 22. Rf3 c6 23. Ba6 Rhe8 24. Bxb7 Kxb7 25. Rb4 Rxe3 26. Rxg4 Re1+ 27. Kh2
Qg1+ 0-1